| 000 | 01400nam1a22003131 4500 | ||
|---|---|---|---|
| 001 | v19\rc\1853761 | ||
| 005 | 20251118180126.9 | ||
| 035 | _a(NLR Aleph) 004948561 | ||
| 090 |
_a5857769 _c5857769 |
||
| 100 | _a20251123 rusy50 | ||
| 101 | 1 |
_arus _cger |
|
| 102 | _aRU | ||
| 105 | _a z ||||| | ||
| 200 | 1 |
_aУчение о хирургических операциях _f[Соч.] Д-ра Т. Кохера, проф. и дир. Унив. хирург. клиники в Берне _g!Пер. с 5-го, знач. перераб. изд.: "Chirurgische Operationslehre" von Th. Kocher д-ра мед. Б.Е. Гершуни |
|
| 205 | _a2-е изд., рус. Ч. 1-2 | ||
| 210 |
_aСанкт-Петербург _cК.Л. Риккер _d1909-1911 |
||
| 215 |
_a2 т. _d25 |
||
| 320 | _aБиблиогр. в примеч. | ||
| 454 | 0 |
_12001#$aChirurgische Operationslehre von Th. Kocher _1205##$a5-е, знач. перераб. изд.: _1700#1$aKocher$bTh. _tChirurgische Operationslehre von Th. Kocher _aKocher, Th. |
|
| 700 | 1 |
_aКохер _bТ. _f1841-1917 _gТеодор |
|
| 702 | 1 |
_aГершуни _bБ.Е. _f1867- _gБорис Ефимович _4730 |
|
| 801 | 0 |
_aRU _bNLR _gpsbo |
|
| 801 | 0 |
_aRU _bRuMoRGB _2psbo |
|
| 801 | 1 |
_aRU _bProSoft-M _2rusmarc |
|
| 852 |
_aNLR _j38.79.3.31 |
||
| 852 |
_aNLR _j+Шифры разные |
||
| 899 |
_aRuMoRGB _jW 216/193 |
||
| 942 | _cBOOK | ||
| 980 | _aNB | ||